[Event "Sydney Open 2014"]
[Site "Sydney AUS"]
[Date "2014.04.25"]
[Round "6.4"]
[White "Dale, Ari"]
[Black "Van Wely, Loek"]
[Result "0-1"]
[WhiteTitle "IM"]
[BlackTitle "GM"]
[WhiteElo "2310"]
[BlackElo "2685"]
[WhiteFideId "3213145"]
[BlackFideId "1000268"]
[EventDate "2014.04.23"]

1. d4 Nf6 2. c4 g6 3. Nc3 d5 4. cxd5 Nxd5 5. e4 Nxc3 6. bxc3 Bg7 7. Nf3 c5 8.
Rb1 O-O 9. Be2 cxd4 10. cxd4 Qa5+ 11. Bd2 Qxa2 12. O-O b6 13. Qc1 Qe6 14. Bc4
Qxe4 15. Re1 Qf5 16. Rxe7 Nc6 17. Rxf7 Rxf7 18. Rb5 Qf6 19. Bg5 Qd6 20. Bf4 Qf8
21. Ng5 Nd8 22. Bc7 Kh8 23. Bxd8 Rxf2 24. Qe3 h6 25. Bc7 Rc2 26. Nf7+ Kh7 27.
Ne5 Rxc4 28. Nxc4 Qf7 29. Nd6 Qxc7 30. Ne8 Qf7 31. Nxg7 Ba6 32. Nf5 Bxb5 33.
Qxh6+ Kg8 34. Ne7+ Qxe7 35. Qxg6+ Qg7 36. Qe6+ Kh8 37. Qh3+ Qh7 0-1

[Event "Sydney Open 2014"]
[Site "Sydney AUS"]
[Date "2014.04.26"]
[Round "7.1"]
[White "Ly, Moulthun"]
[Black "Ikeda, Junta"]
[Result "1/2-1/2"]
[WhiteTitle "IM"]
[BlackTitle "FM"]
[WhiteElo "2440"]
[BlackElo "2338"]
[WhiteFideId "3204405"]
[BlackFideId "3204731"]
[EventDate "2014.04.23"]

1. e4 c5 2. Nf3 e6 3. d4 cxd4 4. Nxd4 a6 5. Bd3 Bc5 6. Nb3 Be7 7. Nc3 d6 8. O-O
Nf6 9. f4 Nc6 10. Qe2 Qc7 11. Bd2 O-O 12. Rae1 g6 13. Kh1 1/2-1/2

[Event "Sydney Open 2014"]
[Site "Sydney AUS"]
[Date "2014.04.26"]
[Round "7.2"]
[White "Van Wely, Loek"]
[Black "Nisipeanu, Liviu-Dieter"]
[Result "1/2-1/2"]
[WhiteTitle "GM"]
[BlackTitle "GM"]
[WhiteElo "2685"]
[BlackElo "2686"]
[WhiteFideId "1000268"]
[BlackFideId "1202758"]
[EventDate "2014.04.23"]

1. Nf3 d5 2. d4 Nf6 3. c4 e6 4. Nc3 Nbd7 5. cxd5 exd5 6. Bg5 Bb4 7. e3 c5 8.
dxc5 O-O 9. Rc1 Nxc5 10. Qd4 Bxc3+ 11. Qxc3 Nce4 12. Bxf6 Nxf6 13. Be2 Bg4 14.
O-O Qb6 15. h3 Rac8 16. Qd2 Ne4 17. Qd4 Qxd4 18. Nxd4 Rxc1 19. Rxc1 Rc8 20.
Rxc8+ Bxc8 21. Kf1 Kf8 22. Ke1 Ke7 23. f3 Nd6 24. Kd2 Bd7 25. Kc3 Nf5 26. Nxf5+
Bxf5 27. Kd4 Kd6 28. Bd1 Bd7 29. b4 b6 30. Bb3 Bc6 31. a4 f6 32. h4 h6 33. h5
Be8 34. g4 Bc6 35. b5 Bb7 36. Ba2 a6 37. Bb3 axb5 38. axb5 Ba8 39. Bc2 Bb7 40.
Bb3 Ba8 41. Bc2 Bb7 42. Bf5 Ke7 43. Bh7 Bc8 44. Bf5 Bb7 45. Bh7 Bc8 46. Bf5 Bb7 1/2-1/2

[Event "Sydney Open 2014"]
[Site "Sydney AUS"]
[Date "2014.04.26"]
[Round "7.3"]
[White "Melkumyan, Hrant"]
[Black "Kargosha, Bahman"]
[Result "1-0"]
[WhiteTitle "GM"]
[WhiteElo "2633"]
[BlackElo "2132"]
[WhiteFideId "13302485"]
[BlackFideId "12503452"]
[EventDate "2014.04.23"]

1. d4 f5 2. Nf3 Nf6 3. c4 e6 4. g3 d5 5. Bg2 c6 6. Bf4 Be7 7. O-O O-O 8. Nbd2
Ne4 9. Ne5 Nd7 10. Nxe4 fxe4 11. Qb3 g5 12. Nxd7 Bxd7 13. Be5 Qb6 14. Qe3 Rf5
15. c5 Qd8 16. f4 g4 17. h3 h5 18. hxg4 hxg4 19. Qd2 Bf6 20. Bd6 Be7 21. Bxe7
Qxe7 22. e3 e5 23. fxe5 Rf3 24. Bxf3 gxf3 25. Kf2 Bh3 26. Rh1 Bg2 27. Rh4 Kg7
28. Rg1 b6 29. Qd1 Rf8 30. Rgh1 Bxh1 31. Qxh1 Qg5 32. Qh3 1-0

[Event "Sydney Open 2014"]
[Site "Sydney AUS"]
[Date "2014.04.26"]
[Round "7.4"]
[White "Solomon, Stephen J."]
[Black "Vajda, Levente"]
[Result "0-1"]
[WhiteTitle "IM"]
[BlackTitle "GM"]
[WhiteElo "2369"]
[BlackElo "2597"]
[WhiteFideId "3200043"]
[BlackFideId "1203975"]
[EventDate "2014.04.23"]

1. d4 Nf6 2. Nf3 d5 3. c4 e6 4. Nc3 Nbd7 5. e3 c6 6. Qc2 Be7 7. Be2 dxc4 8. a4
c5 9. O-O cxd4 10. exd4 Nb6 11. Bg5 Bd7 12. Ne5 Rc8 13. Rfe1 O-O 14. Bf3 Bc6 15.
Nxc6 bxc6 16. Rad1 Nbd5 17. Ne4 Rb8 18. Nd2 Nd7 19. Bxe7 Qxe7 20. Nxc4 Qb4 21.
h4 Rfc8 22. h5 h6 23. Rc1 N7f6 24. g3 Rc7 25. Qe2 c5 26. dxc5 Rxc5 27. Ne3 Rxc1
28. Rxc1 Qxa4 29. Nxd5 exd5 30. Rc7 Re8 31. Qd2 Qb3 32. Kg2 Qb6 33. Qf4 Rf8 34.
b4 a6 35. g4 Rd8 36. Kg3 Kf8 37. Kg2 d4 38. Rc6 Qxb4 39. Rxa6 Qe7 40. g5 hxg5
41. Qxg5 Nh7 42. Qxe7+ Kxe7 43. Bd1 Rd6 44. Ra7+ Kf6 45. f4 Nf8 46. Kf3 d3 47.
Ke3 d2 48. Ra1 Ne6 49. Bg4 Nd4 50. Rd1 Nf5+ 51. Ke2 Ng3+ 52. Kf2 Rd3 53. Bf3 Nf5
54. Rh1 Rd4 55. Rd1 Rxf4 56. Rxd2 Nd4 57. Kg3 Nxf3 58. h6 gxh6 0-1

[Event "Sydney Open 2014"]
[Site "Sydney AUS"]
[Date "2014.04.26"]
[Round "8.1"]
[White "Melkumyan, Hrant"]
[Black "Ly, Moulthun"]
[Result "1/2-1/2"]
[WhiteTitle "GM"]
[BlackTitle "IM"]
[WhiteElo "2633"]
[BlackElo "2440"]
[WhiteFideId "13302485"]
[BlackFideId "3204405"]
[EventDate "2014.04.23"]

1. d4 d5 2. c4 c6 3. cxd5 cxd5 4. Bf4 Nc6 5. e3 Nf6 6. Bd3 a6 7. Nc3 Bg4 8. Nge2
e6 9. O-O Be7 10. h3 Bh5 11. Rc1 O-O 12. Na4 Nd7 13. a3 Bg6 14. b4 Ra7 15. Nc5
Ncb8 16. Bg3 b6 17. Nxd7 Nxd7 18. Nf4 b5 19. Qc2 Qa8 20. Qc6 Nf6 21. Nxg6 hxg6
22. f3 Nd7 23. Bc7 Nf6 24. Qxa8 Rfxa8 25. Rc6 Ne8 26. Bg3 a5 27. Bxb5 axb4 28.
a4 Rd8 29. Rfc1 Nd6 30. Bxd6 Bxd6 31. Kf2 Kf8 32. Ke2 Ke7 33. Kd3 g5 34. Kc2 Bg3
35. Kd3 Rda8 36. Rb1 Bd6 37. e4 dxe4+ 38. fxe4 Rd8 39. Kc4 Bf4 40. Rd1 Bd6 41.
Rd3 f6 42. d5 e5 43. Rb3 Rh8 44. g4 Raa8 45. Rd3 Ra7 46. Kb3 Raa8 47. Re3 Ra7
48. Rg3 Rb8 49. Rd3 Rh8 50. Re3 Ra5 51. Rc4 Ra7 52. Rf3 Raa8 53. Rd3 Rhb8 54.
Rc2 Rh8 55. Re3 Ra7 56. Rc6 Ra5 57. Rb6 Ra7 58. Rd3 Rc8 59. Bc6 Bc5 60. Rb5 Kd6
61. Rd1 Rh8 62. Rh1 g6 63. Kc4 Be3 64. Rxb4 f5 65. Rhb1 Rxh3 66. Rb7 Rh7 67.
Rxa7 Bxa7 68. exf5 gxf5 69. gxf5 g4 70. f6 g3 71. Rb7 Rxb7 72. Bxb7 g2 73. f7
Ke7 74. d6+ Kxf7 75. Bd5+ Kf6 76. Bxg2 Ke6 1/2-1/2

[Event "Sydney Open 2014"]
[Site "Sydney AUS"]
[Date "2014.04.26"]
[Round "8.2"]
[White "Ikeda, Junta"]
[Black "Nisipeanu, Liviu-Dieter"]
[Result "1/2-1/2"]
[WhiteTitle "FM"]
[BlackTitle "GM"]
[WhiteElo "2338"]
[BlackElo "2686"]
[WhiteFideId "3204731"]
[BlackFideId "1202758"]
[EventDate "2014.04.23"]

1. Nf3 Nf6 2. c4 c5 3. g3 Nc6 4. Bg2 d6 5. Nc3 g6 6. d4 cxd4 7. Nxd4 Bd7 8. O-O
Bg7 9. e4 O-O 10. Nde2 a6 11. a4 Bg4 12. f3 Be6 13. b3 Qb6+ 14. Kh1 Nd7 15. Rb1
Nb4 16. Bg5 Bf6 17. Bh6 Bg7 18. Bg5 f6 19. Bf4 g5 20. Bc1 Nc6 1/2-1/2

[Event "Sydney Open 2014"]
[Site "Sydney AUS"]
[Date "2014.04.26"]
[Round "8.3"]
[White "Ootes, Lars"]
[Black "Van Wely, Loek"]
[Result "1/2-1/2"]
[BlackTitle "GM"]
[WhiteElo "2361"]
[BlackElo "2685"]
[WhiteFideId "1019708"]
[BlackFideId "1000268"]
[EventDate "2014.04.23"]

1. e4 c5 2. Nf3 e6 3. d4 cxd4 4. Nxd4 Nc6 5. Nc3 Qc7 6. Be3 a6 7. Qd2 Nf6 8.
O-O-O Be7 9. f3 b5 10. g4 Nxd4 11. Qxd4 Bb7 12. g5 Nh5 13. Rg1 Rc8 14. Rg2 Bc5
15. Qxc5 Qxc5 16. Bxc5 Rxc5 17. Rgd2 Bc6 18. Ne2 Rxg5 19. Nd4 Ba8 20. a4 bxa4
21. Bxa6 Ra5 22. Bb5 Ke7 23. c4 Rc8 24. Kb1 Nf4 25. b4 Ra7 26. Ka2 g5 27. Ka3 d6
28. Rc2 g4 29. c5 dxc5 30. bxc5 gxf3 31. c6 Rac7 32. Nxf3 Bxc6 33. Rdc1 Bxb5 34.
Rxc7+ Rxc7 35. Rxc7+ Kf6 36. e5+ Kg6 37. Nd4 Bf1 38. Rc1 Ba6 39. Rg1+ Kh6 40.
Kxa4 Nd3 41. Nc6 Bc4 42. Rg3 Bd5 43. Rxd3 Bxc6+ 44. Kb4 Kg5 45. Kc5 Be4 46. Rd1
Kf4 47. Kd4 Bg6 48. Rf1+ Kg4 49. Ke3 Kg5 50. Rf6 Kg4 51. Rf3 Kg5 52. Rg3+ Kf5
53. Kd4 Kf4 54. Rg1 Kf5 55. Rg2 Kf4 56. Rf2+ Kg4 57. Kc5 h5 58. Kd6 h4 59. Ke7
Kg5 60. Rf1 Bh5 61. Rf2 1/2-1/2

[Event "Sydney Open 2014"]
[Site "Sydney AUS"]
[Date "2014.04.26"]
[Round "8.4"]
[White "Vajda, Levente"]
[Black "Li, Zuhao Luke"]
[Result "1-0"]
[WhiteTitle "GM"]
[BlackTitle "FM"]
[WhiteElo "2597"]
[BlackElo "2326"]
[WhiteFideId "1203975"]
[BlackFideId "4303431"]
[EventDate "2014.04.23"]

1. e4 e5 2. Nf3 Nc6 3. Bc4 Bc5 4. c3 Nf6 5. d3 O-O 6. Nbd2 d6 7. b4 Bb6 8. a4 a6
9. O-O Ne7 10. a5 Ba7 11. Nh4 d5 12. exd5 Nexd5 13. Qb3 Nf4 14. Ndf3 Nxd3 15.
Be3 Bxe3 16. fxe3 Ng4 17. Bxf7+ Kh8 18. Bg6 Nxe3 19. Ng5 Nxf1 20. Qg8+ 1-0

[Event "Sydney Open 2014"]
[Site "Sydney AUS"]
[Date "2014.04.27"]
[Round "9.1"]
[White "Ly, Moulthun"]
[Black "Vajda, Levente"]
[Result "1/2-1/2"]
[WhiteTitle "IM"]
[BlackTitle "GM"]
[WhiteElo "2440"]
[BlackElo "2597"]
[WhiteFideId "3204405"]
[BlackFideId "1203975"]
[EventDate "2014.04.23"]

1. e4 e5 2. Nf3 Nc6 3. Bb5 a6 4. Ba4 Nf6 5. O-O Be7 6. Re1 b5 7. Bb3 O-O 8. a4
b4 9. d4 d6 10. dxe5 Nxe5 11. Nxe5 dxe5 12. Qe2 Bc5 13. Bg5 h6 14. Be3 Qe7 15.
Nd2 a5 16. Bxc5 Qxc5 17. Qe3 Qe7 18. Bc4 Bb7 19. f3 Nd7 20. Nb3 Bc6 21. Bf1 Nb6
22. Qc5 Qxc5+ 23. Nxc5 Rfd8 24. b3 Nd7 25. Nd3 f6 26. c3 bxc3 27. Rac1 Nf8 28.
Rxc3 Be8 29. Rxc7 Ne6 30. Rc3 Bf7 31. Rb1 Rdb8 32. Kf2 Nd4 33. Nc5 Ra7 34. Rbc1
Kh7 35. Bc4 Bxc4 36. Rxc4 Nxb3 37. Nxb3 Rxb3 38. R1c3 Rb2+ 39. Rc2 Rab7 40. Rxb2
Rxb2+ 41. Kg3 Ra2 42. h4 h5 43. Kh3 Ra3 44. Kg3 Kh6 45. Kh3 g5 46. Kg3 Kg6 47.
Kh3 Ra1 48. Kg3 Ra2 49. Kh3 Ra3 50. Kg3 Ra1 51. hxg5 Kxg5 52. Kh2 h4 53. Rc8
Rxa4 54. Rg8+ Kh6 55. Kh3 Ra2 56. Kxh4 a4 57. Ra8 a3 58. g3 Kg6 59. Kg4 Ra1 60.
Ra6 Ra2 1/2-1/2

[Event "Sydney Open 2014"]
[Site "Sydney AUS"]
[Date "2014.04.27"]
[Round "9.2"]
[White "Nisipeanu, Liviu-Dieter"]
[Black "Ootes, Lars"]
[Result "1/2-1/2"]
[WhiteTitle "GM"]
[WhiteElo "2686"]
[BlackElo "2361"]
[WhiteFideId "1202758"]
[BlackFideId "1019708"]
[EventDate "2014.04.23"]

1. e4 d6 2. d4 Nf6 3. Nc3 g6 4. Bg5 c6 5. Qd2 b5 6. Bd3 Bg7 7. f4 O-O 8. Nf3 Bg4
9. O-O-O Nbd7 10. f5 b4 11. Ne2 Qa5 12. Kb1 Rfc8 13. Bh6 c5 14. fxg6 hxg6 15.
Bxg7 Kxg7 16. Qg5 e5 17. Ng3 c4 18. Be2 Rab8 19. dxe5 dxe5 20. Nd4 b3 21. axb3
cxb3 22. cxb3 Bxe2 23. Ngxe2 Qb4 24. Nf5+ Kg8 25. Neg3 Nxe4 26. Ne7+ Kf8 27.
Nxg6+ Ke8 28. Qe7+ Qxe7 29. Nxe7 Nxg3 30. Nxc8 Nxh1 31. Nd6+ Ke7 32. Nf5+ Ke6
33. g4 e4 34. Rd6+ Ke5 35. Rxd7 f6 36. Ne7 Kf4 37. Nd5+ Kxg4 38. Nxf6+ Kf5 39.
Nh5 Rxb3 40. Kc2 Rh3 41. Rd5+ Kg4 42. Nf6+ Kf4 43. Ra5 Rxh2+ 44. Kb3 e3 45. Nd5+
Kf3 46. Nxe3 Kxe3 1/2-1/2

[Event "Sydney Open 2014"]
[Site "Sydney AUS"]
[Date "2014.04.27"]
[Round "9.4"]
[White "Johansen, Darryl K."]
[Black "Ikeda, Junta"]
[Result "1/2-1/2"]
[WhiteTitle "GM"]
[BlackTitle "FM"]
[WhiteElo "2400"]
[BlackElo "2338"]
[WhiteFideId "3200035"]
[BlackFideId "3204731"]
[EventDate "2014.04.23"]

1. g3 c5 2. c4 Nc6 3. Bg2 g6 4. Nc3 Bg7 5. Nf3 e6 6. d4 cxd4 7. Nb5 d5 8. cxd5
Qa5+ 9. Qd2 Qxb5 10. dxc6 e5 11. O-O Ne7 12. a4 Qb6 13. a5 Qb5 14. e3 dxe3 15.
cxb7 Bxb7 16. Qxe3 O-O 17. a6 Bd5 18. Qa3 Nc6 19. Qa4 Rab8 20. Qxb5 Rxb5 21. Ng5
Bxg2 22. Kxg2 Nd4 23. Ra4 Rc8 24. Ne4 Rb6 25. Nc3 Rcc6 26. Nd5 Rxa6 27. Rb4 Bf8
28. Rb8 Kg7 29. Nb4 Bxb4 30. Rxb4 Rcb6 31. Bd2 Nc6 32. Rxb6 Rxb6 33. Bc3 Kf8 34.
Re1 Rb5 35. g4 h6 36. Re3 f6 37. Rh3 Kg7 38. Rd3 Rb7 39. Rd6 Rc7 40. f4 Kf7 41.
fxe5 Nxe5 42. Kg3 Re7 43. Ra6 Rd7 44. h3 Kg7 45. Kg2 Kf7 1/2-1/2